Yogic Sciences (Record no. 396210)

MARC details
000 -LEADER
fixed length control field 00479 a2200193 4500
005 - DATE & TIME
control field 20260225095136.0
008 - FIXED-LENGTH DATA ELEMENTS--GENERAL INFORMATION
fixed length control field 260224b |||||||| |||| 00| 0 eng d
020 ## - ISBN
International Standard Book Number 9788194361183
Price Rs. 1200.00
040 ## - CATALOGING SOURCE
Original cataloging agency VIVEKANANDA LIBRARY
082 ## - DDC NUMBER
Classification number 796.076137046
Book Number M687Y
100 ## - MAIN ENTRY--PERSONAL NAME
Personal name Mishra, Srikanta, ed.
245 ## - TITLE STATEMENT
Title Yogic Sciences
260 ## - PUBLICATION, DISTRIBUTION, ETC. (IMPRINT)
Name of publisher, distributor, etc Sports Publication
Date of publication, distribution, etc 2025
Place of publication, distribution, etc New Delhi
300 ## - PHYSICAL DESCRIPTION
Pages 329
650 ## - Subject
Subject Yoga
650 ## - Subject
Subject Asanas
650 ## - Subject
Subject Physical Education
942 ## - ADDED ENTRY ELEMENTS (KOHA)
Koha item type Books
Holdings
Withdrawn status Lost status Source of classification or shelving scheme Damaged status Not for loan Location (home branch) Sublocation or collection (holding branch) Shelving location Date acquired Koha issues (times borrowed) Koha full call number Accession No. Koha date last seen Koha item type
    Dewey Decimal Classification     VIVEKANANDA LIBRARY VIVEKANANDA LIBRARY Vivekananda Library 02/02/2026   796.076137046 M687Y 444973 02/02/2026 Books
    Dewey Decimal Classification     VIVEKANANDA LIBRARY VIVEKANANDA LIBRARY Vivekananda Library 02/02/2026   796.076137046 M687Y 444972 02/02/2026 Books
© Designed and Maintained by Vivekananda Library, MDU Rohtak